Los mercados de algunos aceites esenciales y oleorresinas
Salvato in:
| Ente Autore: | |
|---|---|
| Natura: | Libro |
| Lingua: | spagnolo |
| Pubblicazione: |
Ginebra
UNCTAD
1974
|
| Soggetti: | |
| Tags: |
Aggiungi Tag
Nessun Tag, puoi essere il primo ad aggiungerne!!
|
MARC
| LEADER | 00000nam a2200000 a 4500 | ||
|---|---|---|---|
| 001 | UCS9471 | ||
| 003 | CL-VaPUC | ||
| 008 | 971121e19740000SZ |||||||||||||||||spa|d | ||
| 082 | 0 | 4 | |a 338.37 |b UNC |2 21 |
| 110 | 2 | |a UNCTAD |e author |9 394524 | |
| 245 | 1 | 4 | |a Los mercados de algunos aceites esenciales y oleorresinas |
| 300 | |a 321 p | ||
| 942 | |c BK | ||
| 945 | |d 19971121 00:00:00 |a jquezada | ||
| 260 | |a Ginebra |b UNCTAD |c 1974 | ||
| 650 | 0 | |a Mercado internacional |9 337380 | |
| 650 | 0 | |a Producción |9 263680 | |
| 650 | 0 | |a Aceites |9 348370 | |
| 650 | 7 | |a GRASA |2 CL-VaPUC |9 394525 | |
| 650 | 7 | |a PRODUCCION ALIMENTARIA |2 CL-VaPUC |9 341875 | |
| 650 | 7 | |a SEMILLAS OLEOGINOSAS |2 CL-VaPUC |9 394526 | |
| 650 | 0 | |a Precios |9 260787 | |
| 651 | 0 | |a Francia |9 255157 | |
| 651 | 0 | |a Estados Unidos |9 255178 | |
| 651 | 7 | |a CANADA |2 CL-VaPUC |9 394527 | |
| 651 | 0 | |a Japón |9 260391 | |
| 651 | 7 | |a REINO UNIDO |2 CL-VaPUC |9 388523 | |
| 583 | |a last modification |c 19971121 00:00:00 |k Rodrigo Vera | ||
| 999 | |c 263270 |d 263268 | ||